| 000 | 00405pab a2200145 454500 | ||
|---|---|---|---|
| 008 | 180718b1998 xxu||||| |||| 00| 0 eng d | ||
| 100 | _aUpender, M. | ||
| 245 | _aElasticities of employment with respect to output and wage rate in organised sector | ||
| 260 | _c1998 | ||
| 300 | _ap.537-44 | ||
| 362 | _aApr | ||
| 650 | _aEmployment | ||
| 773 | _aIndian Journal of Industrial Relations | ||
| 909 | _a38965 | ||
| 999 |
_c38965 _d38965 |
||